| 000 | 01335nam a2200361 i 4500 | ||
|---|---|---|---|
| 001 | 000039068 | ||
| 003 | DO-SdBNP | ||
| 005 | 20240130075632.0 | ||
| 006 | a||||gr|||| 00| 0 | ||
| 007 | ta | ||
| 008 | 091016s1985 dr 000 0 spa d | ||
| 040 |
_aDO-SdBNP _bspa _cBNPHU _erda |
||
| 082 | 4 |
_222 _a330.9729304 _bB681p, 1985 |
|
| 100 | 1 |
_aBoin, Jacqueline _97799 _eautora |
|
| 245 | 1 | 3 |
_aEl proceso de desarrollo del capitalismo en la República Dominicana (1844-1930) / _cJacqueline Boin, José Serrulle Ramia. |
| 250 | _a3a. edición | ||
| 264 | 1 |
_aSanto Domingo : _bGramil, _c1985. |
|
| 300 |
_a252 páginas ; _c20 cm. |
||
| 336 |
_2rdacontent _atexto _btxt |
||
| 337 |
_2rdamedia _asin mediación _bn |
||
| 338 |
_2rdacarrier _avolumen _bnc |
||
| 500 | _aTraducido del idioma francés. | ||
| 500 | _aIncluye bibliográfia y notas al pie de páginas. | ||
| 500 | _aIncluye abreviaturas. | ||
| 500 | _aTomo primero: El proceso de transformación de la economía dominicana (1844 a 1975). | ||
| 504 | _aBiblioigrafía: 215 - 233 página. | ||
| 590 | _aInventariado, 2024 / MF | ||
| 650 | 4 |
_aCapitalismo _xHistoria _93851 |
|
| 651 | 4 |
_aRepública Dominicana _xCondiciones Económicas _y1844-1930 _935074 |
|
| 700 | 1 |
_aSerrulle Ramia, José, _956188 _eautor |
|
| 910 | _aValidado. Control de calidad MFF | ||
| 942 |
_2ddc _cLBS1 |
||
| 999 |
_c38558 _d38558 |
||